00498nam a2200193 a 4500001001300000003000900013005001700022008004100039020001000080082001900090100002500109245003000134260005100164300000900215500003500224505001000259650001000269700002500279nice12345678IN_TiNIC20260116011640.0050524s1927 laha grp 000 0 urd  ac10000a294.59214bVID aVidyarthi, Abdul Haq aYajar Ved Ka Urdu Tarjuma aLahorebAhmadiyya Anjuman Ishaat-E-Islamc1927 a240p aincludes index and biblioraphy2 aIndex aVedas1 aVidyarthi, Abdul Haq